000 00306nam a2200109Ia 4500
008 220204s9999 xx 000 0 und d
082 _a82-7
_bFEI
100 _aFeinburg, Leonard
245 0 _aAsian laughter: An anthology of oriental satire and humour
260 _aNew York
_bEather Hill
_c1971
942 _cBK
999 _c34213
_d34213